000 00611nam a2200169 a 4500
001 000035264
005 20200930074220.0
008 111027s1955 sp 000 0 spa d
040 _aDO-SdBNP
_bspa
_cBNPHU
082 _axxx
_bB849d
100 1 _aBriceño, Alfonso
_961022
245 1 0 _aDisputaciones metafísicas /
_cAlfonso Briceño ; prólogo Juan David García Bacca.
260 _aCaracas, Venezuela :
_bFacultada de Humanidades,
_c1955.
300 _a206 p. ;
_c23 cm.
590 _aPerteneció a la biblioteca personal de Juan Isidro Jimenes Grullón
700 1 _aGarcía Bacca, Juan David,
_epról.
_946741
999 _c34755
_d34755